000 00381nam a2200157Ia 4500
008 230917s9999||||xx |||||||||||||| ||und||
020 _cRS60
040 _e190393
_aMAIN
041 _aEnglish
082 _a294.6 B39J
100 _aBedi, Gurnam Kaur
245 0 _aJapuji: Sabhiachar sankalp
260 _aAmritsar
_bWaris Shah Foundation
_c1994
300 _a92 p.
942 _cBK
999 _c74705
_d74705